Año nuevo en Lecumberri 1970 /
José Revueltas (1914-1976) escritor y político mexicano nacido en Santiago Papasquiaro, Durango, hermano de Silvestre y Fermín. Militante en varias agrupaciones de la izquierda mexicana y participante en el movimiento estudiantil de 1968, fue miembro del Partido Comunista Mexicano (del que fue expul...
Furkejuvvon:
| Váldodahkki: | |
|---|---|
| Materiálatiipa: | Girji |
| Giella: | espánnjágiella |
| Fáttát: | |
| Fáddágilkorat: |
Eai fáddágilkorat, Lasit vuosttaš fáddágilkora!
|
MARC
| LEADER | 00000nam^a2200000^a^4500 | ||
|---|---|---|---|
| 001 | 000187898 | ||
| 005 | 20250521000000.0 | ||
| 009 | 20260310102317.706 | ||
| 037 | |a Acervo ITESO - Biblioteca | ||
| 041 | |a ESP | ||
| 082 | |a 320. 9720636 |b REV | ||
| 100 | |a Revueltas, José |e (autor) | ||
| 245 | 1 | 0 | |a Año nuevo en Lecumberri 1970 / |c J. Revueltas. |
| 264 | |a México : |b editorial no identificada, |c fecha no identificada | ||
| 300 | |a 37 p. | ||
| 336 | |a texto |b txt |2 rdacontenido | ||
| 337 | |a sin mediación |b n |2 rdamedio | ||
| 338 | |a volumen |b nc |2 rdasoporte | ||
| 520 | |a José Revueltas (1914-1976) escritor y político mexicano nacido en Santiago Papasquiaro, Durango, hermano de Silvestre y Fermín. Militante en varias agrupaciones de la izquierda mexicana y participante en el movimiento estudiantil de 1968, fue miembro del Partido Comunista Mexicano (del que fue expulsado) y luego fundador del Partido Popular Socialista. Fue reportero y director de publicaciones de izquierda. Abordó sus desacuerdos con la burocracia política en las novelas Dios en la tierra (1944), Los días terrenales (1949), Los errores (1964), y en su obra de teatro El cuadrante de la soledad (1950); preso en varias ocasiones por sus actividades y/o ideales políticos, dejó testimonio de sus encarcelamientos en las novelas Los muros de agua (1941), en que narra su estancia en las islas Marías, y El apando (1969), sobre su paso por la penitenciaría Lecumberri tras el movimiento estudiantil de 1968. Otras novelas suyas son Los motivos de Caín, En algún valle de lágrimas y El luto humano, entre otras; es autor también ensayos sobre temas políticos y sociales, libros de cuentos y obras de teatro. | ||
| 520 | |a Es la presente una carta dirigida al escritor Arthur Miller, presidente del PEN Club Internacional, en que Revueltas hace una crónica de la agresión de los reos comunes contra los presos políticos en la noche de año nuevo de 1969, en la cárcel de Lecumberri, suceso que habría de reflejar en su novela El apando; da cuenta, asimismo, de los 37 días de huelga de hambre que él y otros compañeros suyos comenzaron el 10 de diciembre de 1969. Inserta la narración de los sucesos en el marco de la situación política general de México y, en particular, de la libertad de prensa y de expresión durante los últimos años del régimen de Gustavo Díaz Ordaz y los primeros meses de Luis Echeverría. | ||
| 649 | |a XX | ||
| 650 | |a Escritores Mexicanos - |x Condiciones Sociales y Culturales | ||
| 650 | |a Escritores Mexicanos - |x Condiciones Políticas | ||
| 650 | |a Militantes Políticos Mexicanos - |x Condiciones Sociales y Culturales | ||
| 650 | |a Militantes Políticos Mexicanos - |x Condiciones Políticas | ||
| 650 | |a Intelectuales Mexicanos - |x Condiciones Sociales y Culturales | ||
| 650 | |a Intelectuales Mexicanos - |x Condiciones Políticas | ||
| 650 | |a Presos Políticos - |z México - |x Condiciones Sociales y Culturales | ||
| 650 | |a Presos Políticos - |z México - |x Condiciones Políticas | ||
| 650 | |a Libertad de Información - |z México | ||
| 650 | |a Libertad de Expresión - |z México | ||
| 650 | |a Movimiento Estudiantil de 1968 | ||
| 650 | |a Motines - |z México | ||
| 650 | |a Cárceles y Centros de Readaptación Social - |z México | ||
| 650 | |a Sistema Penitenciario - |z México | ||
| 650 | |a Poder Judicial - |z México | ||
| 650 | |a Poder Judicial - |z México | ||
| 650 | |a Corrupción - |z México | ||
| 650 | |a Abuso de Poder - |z México | ||
| 650 | |a Marginación - |z México | ||
| 650 | |a Violencia - |z México | ||
| 650 | |a Represión - |z México | ||
| 650 | |a Problemas Sociales - |z México | ||
| 650 | |a Política - |z México - |x Historia - |y 1964-1970 | ||
| 650 | |a Política - |z México - |x Historia - |y 1970-1976 | ||
| 650 | |a Política - |z México - |x Historia - |y Siglo XX | ||
| 650 | |a México - |x Condiciones Políticas | ||
| 650 | |a Revueltas, José | ||
| 910 | |a Fondo General | ||
| 920 | |a Impresos - Libros | ||
| 930 | |a Colección General | ||
| 905 | |a 101 | ||
| 901 | |a 0500129967 |b IT1 |c ACC |u 20250521 | ||
| 902 | |a https://opac.biblio.iteso.mx/vufind/Record/000187898 | ||